01016cam a22002411 4500001001300000003000400013005001700017008004100034010001700075035002000092040004600112042001200158050002200170082001800192110003800210245032500248260001900573300005200592500001800644650003700662710005800699999001700757e 40000003 DLC20260227111228.0880205s1939 idua t 000 0 eng c ae 40000003  a(OCoLC)17435616 aU.S. Off. of Educ. LibrarycWaUdWaUdDLC apremarc00aLB2864b.I25 1939 a379.1752097961 aIdaho.bState Board of Education.12aA study of school transportation in the state of Idaho, 1937-38 and 1938-39.cSponsored by the State Department of Education. A Work Progress Administration Official Project #665-92-3-7. Work Progress Administration, O.K. Hine, state administrator ... State Department of Education, J.W. Condie, state superintendent ... a[Boise?c1939] a2 p. l., 46 numb. l. incl. tables.c22 x 28 cm. aMimeographed. 0aSchool childrenxTransportation.1 aUnited States.bWork Projects Administration.bIdaho. c21678d21678